Enthalpy measurements on steam-gas mixtures at high pressures and near to saturation /
Guardado en:
| Otros Autores: | |
|---|---|
| Formato: | Manuscrito |
| Idioma: | English |
| Publicado: |
1983.
|
| Materias: | |
| Etiquetas: |
Agregar Etiqueta
Sin Etiquetas, Sea el primero en etiquetar este registro!
|
| LEADER | 00998ntm a22002775a 4500 | ||
|---|---|---|---|
| 001 | EIQ.libpla002699 | ||
| 008 | 070723s1983####enka#####bm###000#0#eng#d | ||
| 005 | 20070724180146.0 | ||
| 245 | 1 | 0 | |a Enthalpy measurements on steam-gas mixtures at high pressures and near to saturation / |c by Susana Beatriz Bottini. |
| 260 | |c 1983. | ||
| 300 | |a 155 p. : |b il. ; |c 30 cm. | ||
| 502 | |a Tesis (doctorado)-- University of London. | ||
| 500 | |a Director de tesis: Dr. G. Saville. | ||
| 504 | |a Incluye referencias bibliográficas. | ||
| 100 | 1 | |a Bottini, Susana Beatriz. |4 dis | |
| 710 | 2 | |a University of London |4 dgg. | |
| 650 | 4 | |a Termodinámica |x Tesis. | |
| 650 | 4 | |a Termodinámica |x Gas. | |
| 650 | 4 | |a Termodinámica |x Vapor. | |
| 650 | 4 | |a Termodinámica |x Entalpía. | |
| 650 | 4 | |a Thermodynamics |x Thesis. | |
| 650 | 4 | |a Thermodynamics |x Enthalpy. | |
| 650 | 4 | |a Thermodynamics |x Gas. | |
| 650 | 4 | |a Thermodynamics |x Steam. | |
| 040 | |a AR-BbSID |b spa |c AR-BbSID | ||
| 859 | |a AR-BbSID |b BIB. PLAPIQUI |h 541.36 |i B 659 |p 5468 | ||
